000 02036nam0a2200421 4500
001 RU\NLR\BIBL_A\022522761
005 20260420043203.0
010 _a978-5-91951-841-9
_9300
021 _aRU
_bКН-П-25-010617
_9КН-П-25-1076
035 _a(NLR Aleph) 022522761
090 _a13671670
_c13671670
100 _a20250415d2024 k y0rusy50 ca
101 0 _arus
102 _aRU
105 _aabh z 001yy
181 0 _ai
_baxxe
182 0 _an
200 1 _aТрансформация кочевых обществ Юга России в контексте природно-климатических факторов (XIX – середина XX в.)
_eколлективная монография
_fЕ. Н. Бадмаева, И. В. Лиджиева, Д. С. Кидирниязов [и др.]
_gответственный редактор: д-р ист. наук Е. Н. Бадмаева
203 _aТекст
_bвизуальный
_cнепосредственный
210 _aРостов-на-Дону
_cАльтаир
_d2024
215 _a495 с.
_cил., цв. ил., карты, факс., табл.
_d22
300 _aАвт. указаны на обороте тит. с.
320 _aБиблиогр.: с. 402–434 и в подстроч. примеч.
320 _aУказ. имен: с. 435–452
320 _aГеогр. указ.: с. 453–473
333 _a14+
606 1 _aКочевники
_yРоссия
_yЕвропейская часть
_yЮг
_z19 - 1-я пол. 20 вв.
_92589245
_3RU\NLR\AUTH\6601740176
686 1 _aТ3(2)5-56
686 1 _aТ3(2)71-36
686 1 _aТ3(2Р37)5,02
686 1 _aТ3(2Р37)71,02
701 1 _aБадмаева
_bЕ. Н.
_gЕкатерина Николаевна
701 1 _aЛиджиева
_bИ. В.
_gИрина Владимировна
701 1 _aКидирниязов
_bД. С.
_gДаниял Сайдахмедович
942 _cBOOK
980 _aNB